| 000 | 00423pab a2200157 454500 | ||
|---|---|---|---|
| 008 | 180718b2014 xxu||||| |||| 00| 0 eng d | ||
| 100 | _aBandi, Madhusudan | ||
| 245 | _aA review of panchayati institutions in Gujarat | ||
| 260 | _c2014 | ||
| 300 | _ap.369-380. | ||
| 362 | _aApr-Jun | ||
| 650 | _aPanchayat - India - Gujarat | ||
| 650 | _aPanchayat | ||
| 773 | _aIndian Journal of Political Science | ||
| 909 | _a110118 | ||
| 999 |
_c110113 _d110113 |
||